Star Wars Characters- Clone Wars - Statistics

General Stats
  • This quiz has been taken 179 times
    141 since last reset
  • The average score is 33 of 42
Answer Stats
Hint Answer % Correct
The Chosen One Anakin Skywalker
99%
The Chosen One's Master Obi-Wan Kenobi
99%
Jedi Grand Master Yoda
99%
The Chosen One's Padawan Ahsoka Tano
98%
Jedi w/ Purple Lightsaber Mace Windu
97%
Former Apprentice of Darth Sidious Darth Maul
95%
Apprentice of Darth Sidious Count Dooku
94%
Senator of Naboo; Former Queen Padme Amidala
93%
Jedi w/ Mask; Kel Dor Plo Koon
92%
Chancellor of the Republic Sheev Palpatine
92%
Clumsy Gungan; Friend of Above Jar Jar Binks
91%
Protocol Droid C-3PO
90%
Astromech Droid R2-D2
90%
Best Bounty Hunter of the Clone Wars Cad Bane
88%
Jedi w/ Tall Head Ki-Adi Mundi
87%
Brother of Above Savage Opress
86%
Jedi w/ Blue Skin; Twi'lek Aayla Secura
85%
Jedi who Smiles; Nautolan Kit Fisto
85%
Senator of Alderaan Bail Organa
83%
General of the Separatist Army General Grievous
83%
Hutt Gangster Jabba the Hutt
82%
Padawan of Above; Tano's Friend Barriss Offee
79%
Best Pirate in the Galaxy Hondo Ohnaka
79%
Former Apprentice of Count Dooku Asajj Ventress
78%
Jedi who led 41st Corps; Mirialan Luminara Unduli
78%
Queen of Mandalore Duchess Satine
77%
Jedi in Charge of Training Clones Shaak Ti
77%
Leader of the Nightsisters Mother Talzin
71%
Dark Side Force Wielder on Mortis The Son
71%
Light Side Force Wielder on Mortis The Daughter
70%
Powerful Force Wielder on Mortis The Father
70%
Jedi who Betrayed his Clones Pong Krell
69%
Leader of Nite Owls; Sister Above Bo-Katan Kryze
68%
Uncle of Above Ziro the Hutt
66%
Bounty Hunter w/ Shield Hat Embo
65%
Leader of Death Watch Pre Vizsla
57%
Onderon Rebel; Brother of Below Saw Gerrera
57%
Freedom Leader of Ryloth Cham Syndulla
56%
Helper Droid of Above Todo 360
47%
Onderon Rebel; Sister of Above Steela Gerrera
45%
Onderon Rebel & Senator Lux Bonteri
43%
Mother of Above Mama the Hutt
36%
No matching quizzes found
Score Distribution
Percent of People with Each Score
Percentile by Number Answered
Your Score History
You have not taken this quiz since the last reset